<?xml version="1.0" encoding="UTF-8"?>
<record
    xmlns:xsi="http://www.w3.org/2001/XMLSchema-instance"
    xsi:schemaLocation="http://www.loc.gov/MARC21/slim http://www.loc.gov/standards/marcxml/schema/MARC21slim.xsd"
    xmlns="http://www.loc.gov/MARC21/slim">

  <leader>02092nam a22003377a 4500</leader>
  <controlfield tag="001">3888</controlfield>
  <controlfield tag="003">FISKH</controlfield>
  <controlfield tag="005">20240521144713.0</controlfield>
  <controlfield tag="008">240521b        cb ||||| |||| 00| 0 eng d</controlfield>
  <datafield tag="020" ind1=" " ind2=" ">
    <subfield code="a">9789996327117</subfield>
  </datafield>
  <datafield tag="040" ind1=" " ind2=" ">
    <subfield code="a">FISKH</subfield>
    <subfield code="b">Khr </subfield>
    <subfield code="c">FISKH</subfield>
    <subfield code="d">FISKH</subfield>
  </datafield>
  <datafield tag="050" ind1=" " ind2=" ">
    <subfield code="a">PZ7</subfield>
  </datafield>
  <datafield tag="082" ind1=" " ind2=" ">
    <subfield code="a">649.15 </subfield>
  </datafield>
  <datafield tag="100" ind1=" " ind2=" ">
    <subfield code="a">Tongeang, Sarn </subfield>
  </datafield>
  <datafield tag="245" ind1=" " ind2=" ">
    <subfield code="a">Smart 100 stories : </subfield>
    <subfield code="b">The stories that makes you smarter / </subfield>
  </datafield>
  <datafield tag="260" ind1=" " ind2=" ">
    <subfield code="a">Phnom Penh ; </subfield>
    <subfield code="b">You Can, </subfield>
    <subfield code="c">Undated.</subfield>
  </datafield>
  <datafield tag="300" ind1=" " ind2=" ">
    <subfield code="a">106 pages :</subfield>
    <subfield code="b">color illustrations ; </subfield>
    <subfield code="c">30 cm </subfield>
  </datafield>
  <datafield tag="490" ind1=" " ind2=" ">
    <subfield code="a">&#x179A;&#x17BF;&#x1784;&#x1793;&#x17B7;&#x1791;&#x17B6;&#x1793;&#x1797;&#x17B6;&#x179F;&#x17B6;&#x1781;&#x17D2;&#x1798;&#x17C2;&#x179A;-&#x17A2;&#x1784;&#x17CB;&#x1782;&#x17D2;&#x179B;&#x17C1;&#x179F; &#x179F;&#x1798;&#x17D2;&#x179A;&#x17B6;&#x1794;&#x17CB;&#x17A2;&#x17D2;&#x1793;&#x1780;&#x179F;&#x17B7;&#x1780;&#x17D2;&#x179F;&#x17B6;&#x1782;&#x17D2;&#x179A;&#x1794;&#x17CB;&#x1780;&#x1798;&#x17D2;&#x179A;&#x17B7;&#x178F; </subfield>
  </datafield>
  <datafield tag="500" ind1=" " ind2=" ">
    <subfield code="a">Read, fun and smart </subfield>
  </datafield>
  <datafield tag="520" ind1=" " ind2=" ">
    <subfield code="a">&#x179F;&#x17C0;&#x179C;&#x1797;&#x17C5; Smart 100 Stories &#x1787;&#x17B6;&#x179F;&#x17C0;&#x179C;&#x1797;&#x17C5;&#x179A;&#x17BF;&#x1784;&#x1793;&#x17B7;&#x1791;&#x17B6;&#x1793;&#x1781;&#x17D2;&#x179B;&#x17B8;&#x1794;&#x17D2;&#x179A;&#x1798;&#x17BC;&#x179B;&#x1795;&#x17D2;&#x178A;&#x17BB;&#x17C6;&#x178A;&#x17C4;&#x1799;&#x17A2;&#x178F;&#x17D2;&#x1790;&#x1794;&#x1791;&#x179A;&#x17BF;&#x1784;&#x179B;&#x17D2;&#x17A2;&#x17D7; &#x1787;&#x17B6;&#x1797;&#x17B6;&#x179F;&#x17B6;&#x1781;&#x17D2;&#x1798;&#x17C2;&#x179A;&#x1793;&#x17B7;&#x1784;&#x17A2;&#x1784;&#x17CB;&#x1782;&#x17D2;&#x179B;&#x17C1;&#x179F;&#x178A;&#x17C2;&#x179B;&#x178F;&#x17D2;&#x179A;&#x17BC;&#x179C;&#x1794;&#x17B6;&#x1793;&#x1793;&#x17B7;&#x1796;&#x1793;&#x17D2;&#x1792;&#x1785;&#x1784;&#x1780;&#x17D2;&#x179A;&#x1784;&#x17A1;&#x17BE;&#x1784;&#x178A;&#x17BE;&#x1798;&#x17D2;&#x1794;&#x17B8;&#x1785;&#x17BC;&#x179B;&#x179A;&#x17BD;&#x1798;&#x1785;&#x17C6;&#x178E;&#x17C2;&#x1780;&#x17A2;&#x1797;&#x17B7;&#x179C;&#x17A2;&#x17D2;&#x178D;&#x1785;&#x17C6;&#x178E;&#x17C1;&#x17C7;&#x178A;&#x17B9;&#x1784; &#x1793;&#x17B7;&#x1784;&#x1787;&#x17C6;&#x1793;&#x17B6;&#x1789;&#x1793;&#x17C3;&#x1780;&#x17B6;&#x179A;&#x17A2;&#x17B6;&#x1793;&#x179A;&#x1794;&#x179F;&#x17CB;&#x1798;&#x17B7;&#x178F;&#x17D2;&#x178F;&#x17A2;&#x17D2;&#x1793;&#x1780;&#x179F;&#x17B7;&#x1780;&#x17D2;&#x179F;&#x17B6;&#x1791;&#x17B6;&#x17C6;&#x1784;&#x17A2;&#x179F;&#x17CB;&#x1782;&#x17D2;&#x1793;&#x17B6; &#x1791;&#x17B6;&#x17C6;&#x1784;&#x1780;&#x17D2;&#x1793;&#x17BB;&#x1784;&#x1797;&#x17B6;&#x179F;&#x17B6;&#x17A2;&#x1784;&#x17CB;&#x1782;&#x17D2;&#x179B;&#x17C1;&#x179F;&#x1793;&#x17B7;&#x1784;&#x1780;&#x17D2;&#x1793;&#x17BB;&#x1784;&#x1797;&#x17B6;&#x179F;&#x17B6;&#x1787;&#x17B6;&#x178F;&#x17B7;&#x1799;&#x17BE;&#x1784;&#x17D4; </subfield>
  </datafield>
  <datafield tag="520" ind1=" " ind2=" ">
    <subfield code="a">Smart 100 Stories is a book of short stories with a collection of good stories in Khmer and English, written to contribute to the development of reading knowledge and skills of all students in both English and English. In our national language.</subfield>
  </datafield>
  <datafield tag="650" ind1=" " ind2=" ">
    <subfield code="a">&#x179A;&#x17BF;&#x1784;&#x1793;&#x17B7;&#x1791;&#x17B6;&#x1793;&#x1780;&#x17BB;&#x1798;&#x17B6;&#x179A;&#x1786;&#x17D2;&#x179B;&#x17B6;&#x178F; </subfield>
  </datafield>
  <datafield tag="650" ind1=" " ind2=" ">
    <subfield code="a">Smart Kid Stories &#x179A;&#x17BF;&#x1784;&#x1793;&#x17B7;&#x1791;&#x17B6;&#x1793;&#x1780;&#x17BB;&#x1798;&#x17B6;&#x179A;&#x1786;&#x17D2;&#x179B;&#x17B6;&#x178F; </subfield>
  </datafield>
  <datafield tag="700" ind1=" " ind2=" ">
    <subfield code="a">Samourn, Ouk </subfield>
    <subfield code="e">Author </subfield>
  </datafield>
  <datafield tag="700" ind1=" " ind2=" ">
    <subfield code="a">Sokheang, Long </subfield>
    <subfield code="e">Author </subfield>
  </datafield>
  <datafield tag="700" ind1=" " ind2=" ">
    <subfield code="a">Meng, Mouern </subfield>
    <subfield code="e">Author </subfield>
  </datafield>
  <datafield tag="700" ind1=" " ind2=" ">
    <subfield code="a">Tola, Morm </subfield>
    <subfield code="e">Illustrator </subfield>
  </datafield>
  <datafield tag="700" ind1=" " ind2=" ">
    <subfield code="a">Bunroeurn, Bou </subfield>
    <subfield code="e">Illustrator </subfield>
  </datafield>
  <datafield tag="942" ind1=" " ind2=" ">
    <subfield code="2">ddc</subfield>
    <subfield code="c">BK</subfield>
    <subfield code="n">0</subfield>
  </datafield>
  <datafield tag="999" ind1=" " ind2=" ">
    <subfield code="c">3888</subfield>
    <subfield code="d">3888</subfield>
  </datafield>
  <datafield tag="952" ind1=" " ind2=" ">
    <subfield code="0">0</subfield>
    <subfield code="1">0</subfield>
    <subfield code="2">ddc</subfield>
    <subfield code="4">0</subfield>
    <subfield code="7">0</subfield>
    <subfield code="8">REF</subfield>
    <subfield code="a">001</subfield>
    <subfield code="b">001</subfield>
    <subfield code="c">REF</subfield>
    <subfield code="d">2024-05-21</subfield>
    <subfield code="l">0</subfield>
    <subfield code="o">TON 649.15 PZ7</subfield>
    <subfield code="p">2024-0666</subfield>
    <subfield code="r">2024-05-21 14:47:07</subfield>
    <subfield code="w">2024-05-21</subfield>
    <subfield code="y">BK</subfield>
  </datafield>
</record>
